000 00753nam a2200193Ia 4500
999 _c38170
_d38170
001 4160
003 GE_BSU
005 20190919110542.0
008 181216s1960||||ge |||||||||||||| ||geo||
040 _cGE_BSU
041 _ageo
080 _a39(479.22) მ-36
245 _aმასალები საქართველოს ეთნოგრაფიისათვის :
_bტ. 11 /
264 _aთბილისი :
_bსაქ. სსრ მეცნ. აკად.,
_c1960.
300 _a213 გვ. ;
_b26 სმ.
653 _aეთნოგრაფია
710 _aსაქ. სსრ მეცნ. აკად., ივ. ჯავახიშვილის სახ. ისტ. ინ-ტი.
_94103
942 _cBK
_2udc